Fr. Conceicao Rodrigues College of Engineering

Numerical Integration Diff Equations (Record no. 22536)

MARC details
000 -LEADER
fixed length control field 00315nam a2200145Ia 4500
082 ## - DEWEY DECIMAL CLASSIFICATION NUMBER
Classification number 515.625
Item number SHA
100 ## - MAIN ENTRY--PERSONAL NAME
Personal name Shankar/ Asha G
245 ## - TITLE STATEMENT
Title Numerical Integration Diff Equations
260 ## - PUBLICATION, DISTRIBUTION, ETC.
Name of publisher, distributor, etc. Deep & Deep
Date of publication, distribution, etc. 1994
300 ## - PHYSICAL DESCRIPTION
Extent 181
490 ## - SERIES STATEMENT
Volume/sequential designation 1
546 ## - LANGUAGE NOTE
Language note ENGLISH
654 ## - SUBJECT ADDED ENTRY--FACETED TOPICAL TERMS
Focus term numerical
942 ## - ADDED ENTRY ELEMENTS (KOHA)
Koha item type BOOK
Holdings
Withdrawn status Lost status Damaged status Not for loan Collection Home library Current library Date acquired Total Checkouts Full call number Barcode Date last seen Price effective from Koha item type
        CRC Fr. Agnel's C.Rodrigues College of Engineering Fr. Agnel's C.Rodrigues College of Engineering 17/03/2023   515.625 SHA 11684 17/03/2023 17/03/2023 BOOK